Provincies van de Benelux op een lege kaart - Statistieken

Algemene statistieken
  • Deze quiz is 39 keer genomen
  • De gemiddelde score is 22 van 24
Antwoorden op de kaart
Antwoorden kleurgecodeerd door een groen-rode schaal op de quizkaart volgens % correct hieronder.
 
Antwoordstatistieken
Antwoord Bevolking % Correct
Friesland 0,66m
100%
Groningen 0,60m
100%
Limburg (België) 0,90m
100%
Limburg (Nederland) 1,13m
100%
Zeeland 0,39m
100%
Drenthe 0,50m
97%
Flevoland 0,44m
97%
Gelderland 2,13m
97%
Luik 1,12m
97%
Noord-Brabant 2,63m
97%
Noord-Holland 2,96m
97%
Overijssel 1,18m
97%
Utrecht 1,39m
97%
Zuid-Holland 3,80m
97%
Antwerpen 1,93m
93%
Brussel 1,25m
93%
Groothertogdom Luxemburg 0,67m
93%
Provincie Luxemburg 0,30m
93%
West-Vlaanderen 1,23m
93%
Oost-Vlaanderen 1,57m
86%
Vlaams-Brabant 1,20m
86%
Namen 0,50m
83%
Henegouwen 1,36m
79%
Waals-Brabant 0,41
79%
Geen overeenkomende quizzen gevonden
Scoreverdeling
Procent van Mensen met Elke Score
Percentiel versus Aantal Correcte Antwoorden
Uw Scoregeschiedenis
U heeft deze quiz nog niet genomen